[Event "Petroupoli op"]
[Site "Petroupoli"]
[Date "2012.01.28"]
[Round "5"]
[White "Korlotsidis, Spiridon"]
[Black "Anairousis, Panagiotis"]
[Result "1-0"]
[WhiteElo "2051"]
[BlackElo "1954"]
[PlyCount "79"]
[EventDate "2012.01.14"]
[EventType "swiss"]
[EventRounds "7"]
[EventCountry "GRE"]
[SourceTitle "EXT 2013"]
[Source "ChessBase"]
[SourceDate "2012.11.22"]
[SourceVersion "1"]
[SourceVersionDate "2012.11.22"]
[SourceQuality "1"]

1. e4 Nh6 2. d4 g6 3. Nc3 f6 4. Be3 Nf7 5. f3 e5 6. Bc4 d6 7. Nge2 c6 8. a4 a5 9. 0-0 Bg7 10. Qd2 Qe7 11. Rad1 0-0 12. f4 Nd7 13. Ng3 exf4 14. Bxf4 Nb6 15. Bb3 Be6 16. d5 Bg4 17. dxc6 Bxd1 18. cxb7 Qxb7 19. Rxd1 Kh8 20. Nb5 Rad8 21. Qxa5 d5 22. Bc7 Nc4 23. Bxc4 Ra8 24. Bxd5 Rxa5 25. Bxb7 Rxa4 26. Bd5 h5 27. c4 Rb4 28. Rd2 h4 29. Ne2 Bh6 30. Nf4 Kh7 31. g3 hxg3 32. hxg3 Rb3 33. Kg2 Ne5 34. Nd4 Re3 35. Nde6 Rc8 36. b4 Rc3 37. b5 Nxc4 38. Bxc4 Rxc4 39. Rd7+ Kg8 40. Nd5 1-0

[Event "Petroupoli op"]
[Site "Petroupoli"]
[Date "2012.01.21"]
[Round "3"]
[White "Korlotsidis, Spiridon"]
[Black "Pavlis, Antonios"]
[Result "1/2-1/2"]
[WhiteElo "2051"]
[BlackElo "1741"]
[PlyCount "64"]
[EventDate "2012.01.14"]
[EventType "swiss"]
[EventRounds "7"]
[EventCountry "GRE"]
[SourceTitle "EXT 2013"]
[Source "ChessBase"]
[SourceDate "2012.11.22"]
[SourceVersion "1"]
[SourceVersionDate "2012.11.22"]
[SourceQuality "1"]

1. e4 d5 2. Nc3 d4 3. Nce2 e5 4. d3 f5 5. Ng3 Nf6 6. exf5 Bb4+ 7. Bd2 Qe7 8. a3 Bd6 9. Bg5 0-0 10. Be2 Nbd7 11. Ne4 Qe8 12. g4 Nd5 13. Nf3 Be7 14. h4 Bf6 15. Qd2 b5 16. h5 Bxg5 17. Nfxg5 Nf4 18. Bf3 Rb8 19. h6 g6 20. 0-0-0 b4 21. axb4 Nf6 22. Nc5 N6d5 23. fxg6 Rxb4 24. g7 Qb5 25. gxf8Q+ Kxf8 26. Nxh7+ Ke7 27. Bxd5 Qxc5 28. Qxb4 Qxb4 29. Kb1 Nxd5 30. Ng5 Nc3+ 31. Kc1 Bxg4 32. h7 Ne2+ 1/2-1/2

[Event "Piraeus-ch 46th"]
[Site "PIraeus"]
[Date "2011.11.16"]
[Round "2.1"]
[White "Koutsogiannopoulou, Theodora"]
[Black "Korlotsidis, Spiridon"]
[Result "0-1"]
[WhiteElo "1830"]
[BlackElo "2057"]
[PlyCount "78"]
[EventDate "2011.11.12"]
[EventType "swiss"]
[EventRounds "7"]
[EventCountry "GRE"]
[SourceTitle "EXT 2024"]
[Source "ChessBase"]
[SourceDate "2023.10.10"]
[SourceVersion "1"]
[SourceVersionDate "2023.10.10"]
[SourceQuality "1"]

1. e4 c5 2. g3 g6 3. Bg2 Bg7 4. f4 Nc6 5. d3 d6 6. c3 Nf6 7. Nf3 0-0 8. 0-0 Rb8 9. a4 a6 10. Na3 b5 11. Bd2 b4 12. Nc4 a5 13. Qe2 Ba6 14. Rae1 Nd7 15. Kh1 Nb6 16. cxb4 Nxb4 17. b3 d5 18. exd5 N6xd5 19. Ng5 Nc3 20. Qxe7 Nxd3 21. Qxd8 Rfxd8 22. Re7 Rxb3 23. Nxa5 Rb2 24. Be1 Nd5 25. Bxd5 Rxd5 26. Re8+ Bf8 27. Nc6 Nxe1 28. Rfxe1 Kg7 29. Nxh7 Rh5 30. h4 Rxh7 31. Ne5 Bb7+ 32. Kg1 Rg2+ 33. Kf1 Rxg3 34. Nd7 Bd6 35. Rd8 Bc7 36. Rde8 Rxh4 37. Nxc5 Rxf4+ 38. Ke2 Bf3+ 39. Kd2 Ba5+ 0-1

[Event "Nikaia Fysiolatriko op 09th"]
[Site "Nikaia"]
[Date "2011.06.19"]
[Round "5"]
[White "Papadimitriou, Athanasios"]
[Black "Korlotsidis, Spiridon"]
[Result "1-0"]
[WhiteElo "2184"]
[BlackElo "2004"]
[PlyCount "73"]
[EventDate "2011.06.16"]
[EventType "swiss"]
[EventRounds "9"]
[EventCountry "GRE"]
[SourceTitle "CBM 143 Extra"]
[Source "ChessBase"]
[SourceDate "2011.08.29"]
[SourceVersion "1"]
[SourceVersionDate "2011.08.29"]
[SourceQuality "1"]

1. Nf3 Nf6 2. g3 g6 3. Bg2 Bg7 4. 0-0 0-0 5. d4 d6 6. c4 Nc6 7. d5 Na5 8. Nfd2 c5 9. Nc3 a6 10. Qc2 e6 11. a3 exd5 12. cxd5 c4 13. Rb1 Re8 14. b4 cxb3 15. Nxb3 Nxb3 16. Rxb3 Qc7 17. Be3 Bf5 18. Qd2 b5 19. Rc1 Qa5 20. Bf4 Ng4 21. e4 Bd7 22. Bxd6 Qb6 23. Bf4 Bd4 24. Nd1 Rac8 25. Rxc8 Rxc8 26. Rd3 Bc5 27. h3 Nf6 28. Be3 Nh5 29. Bxc5 Qxc5 30. g4 Nf6 31. e5 Ne8 32. Rc3 Qb6 33. Rxc8 Bxc8 34. Ne3 a5 35. d6 Bd7 36. Nd5 Qc5 37. Qh6 1-0